000 00796nam a2200265Ia 4500
003 OSt
005 20221006160106.0
006 a|||||r|||| 00| 0
007 ta
008 221006b |||||||| |||| 00| 0 eng d
020 _a9781453523865
_c
_34.00
024 _a44,264
037 _bGift, KCC (Window on Korea)
_cTextual
040 _aEASL
_cEASL
_beng
041 _2eng
_aeng
082 _aV495:19(zM).N65, Q0
100 _aMartinez Julio A.
_9671865
245 0 _aYoung soilder's Memoirs
_b My one year growing up in 1965 korea
260 _aUSA
_bXlibris Corporation
_c2010
300 _a513p.
_ccm.
490 _v KEL
650 _aKEL
942 _hV495:19(zM).N65, Q0
_cTEXL
_2CC
999 _c1112356
_d1112356